[Event "Titled Tuesday intern op 29th Aug Late"]
[Site "Chess.com INT"]
[Date "2023.08.29"]
[Round "8"]
[White "Karttunen, Mika"]
[Black "Ticona Rocabado, Licael Roderick"]
[Result "0-1"]
[WhiteElo "2490"]
[BlackElo "2415"]
[PlyCount "104"]
[EventDate "2023.08.29"]
[EventType "swiss (blitz)"]
[EventRounds "11"]
[EventCountry "USA"]
[SourceTitle "EXT 2024"]
[Source "ChessBase"]
[SourceDate "2023.10.10"]
[SourceVersion "1"]
[SourceVersionDate "2023.10.10"]
[SourceQuality "1"]

1. d4 d5 2. c4 e6 3. Nc3 Nf6 4. cxd5 exd5 5. Bg5 Be7 6. e3 h6 7. Bf4 0-0 8. Bd3 c6 9. Nge2 Bd6 10. Bxd6 Qxd6 11. Ng3 Bg4 12. Qc2 Re8 13. 0-0 Nbd7 14. h3 Be6 15. Nf5 Bxf5 16. Bxf5 Nf8 17. a3 Ne6 18. b4 Ng5 19. b5 Nge4 20. Nxe4 Nxe4 21. Bxe4 Rxe4 22. bxc6 bxc6 23. Rab1 Re6 24. Rb7 Qxa3 25. Rfb1 Qd6 26. Qa4 a5 27. R1b6 Rg6 28. Rb2 Rf6 29. Qb3 Kh7 30. Qc2+ g6 31. Qa4 Kg7 32. Rc2 Ra6 33. Rcb2 Ra8 34. R7b6 Qe6 35. Rc2 Rc8 36. Qxa5 g5 37. Qc3 g4 38. hxg4 Qxg4 39. Rc1 Rg6 40. g3 h5 41. Kg2 h4 42. Rh1 hxg3 43. f3 Qg5 44. Qd3 Ra8 45. Rb2 Re8 46. Re2 Rh8 47. Rxh8 Kxh8 48. Re1 Rh6 49. Rh1 Rxh1 50. Kxh1 Qh4+ 51. Kg1 Qh2+ 52. Kf1 Qf2# 0-1

[Event "Titled Tuesday intern op 29th Aug Late"]
[Site "Chess.com INT"]
[Date "2023.08.29"]
[Round "4"]
[White "Shapiro, Daniel E"]
[Black "Karttunen, Mika"]
[Result "1-0"]
[WhiteElo "2284"]
[BlackElo "2490"]
[PlyCount "73"]
[EventDate "2023.08.29"]
[EventType "swiss (blitz)"]
[EventRounds "11"]
[EventCountry "USA"]
[SourceTitle "EXT 2024"]
[Source "ChessBase"]
[SourceDate "2023.10.10"]
[SourceVersion "1"]
[SourceVersionDate "2023.10.10"]
[SourceQuality "1"]

1. d4 f5 2. c4 Nf6 3. Nf3 g6 4. Nc3 Bg7 5. g3 0-0 6. Bg2 d6 7. 0-0 c6 8. Rb1 a5 9. b3 Ne4 10. Bb2 Na6 11. a3 Nc7 12. Qc2 Qe8 13. Rbc1 Nxc3 14. Bxc3 e5 15. dxe5 dxe5 16. e4 Rf7 17. Rfe1 Re7 18. Qb2 fxe4 19. Rxe4 Bf5 20. Ree1 e4 21. Bxg7 exf3 22. Rxe7 Qxe7 23. Bf6 Qe2 24. Bf1 Qxb2 25. Bxb2 Ne6 26. b4 axb4 27. axb4 Ra2 28. Be5 Kf7 29. c5 Be4 30. Bc4 Bd5 31. Bxa2 Bxa2 32. Ra1 Bc4 33. Ra7 Ba6 34. b5 cxb5 35. c6 Ke8 36. cxb7 Bxb7 37. Rxb7 1-0

[Event "Titled Tuesday intern op 22nd Aug Late"]
[Site "Chess.com INT"]
[Date "2023.08.22"]
[Round "8"]
[White "Dubnevych, Maksym"]
[Black "Karttunen, Mika"]
[Result "1-0"]
[WhiteElo "2391"]
[BlackElo "2490"]
[PlyCount "103"]
[EventDate "2023.08.22"]
[EventType "swiss (blitz)"]
[EventRounds "11"]
[EventCountry "USA"]
[SourceTitle "EXT 2024"]
[Source "ChessBase"]
[SourceDate "2023.10.10"]
[SourceVersion "1"]
[SourceVersionDate "2023.10.10"]
[SourceQuality "1"]

1. d4 Nf6 2. Nc3 e6 3. Bf4 d5 4. Nb5 Na6 5. e3 c6 6. Nc3 Bd6 7. Nf3 Bxf4 8. exf4 b5 9. Ne5 Qb6 10. a4 b4 11. a5 Qc7 12. Na4 Ne4 13. f3 Nd6 14. Qd2 f6 15. Bxa6 Bxa6 16. Nc5 fxe5 17. Nxa6 Qc8 18. Nc5 Nc4 19. Qe2 exf4 20. 0-0-0 Ne3 21. Rd3 0-0 22. g3 g5 23. h4 e5 24. hxg5 exd4 25. Rxd4 Re8 26. Rxf4 Qc7 27. Qd3 Re7 28. Rfh4 Qe5 29. Rxh7 Rae8 30. Rh8+ Qxh8 31. Rxh8+ Kxh8 32. Qd4+ Kg8 33. b3 Nf1 34. Qf6 Re1+ 35. Kb2 Nd2 36. Qg6+ Kh8 37. Qf6+ Kg8 38. Qg6+ Kh8 39. Nd7 Rb1+ 40. Ka2 Ree1 41. Qh6+ Kg8 42. Nf6+ Kf7 43. g6+ Ke6 44. Qe3+ Rxe3 45. g7 Kf7 46. g8Q+ Kxf6 47. Qf8+ Ke5 48. Qf4+ Ke6 49. Qxe3+ Kd7 50. Qxd2 Rf1 51. Qxb4 Rxf3 52. Qg4+ 1-0